000
00334nam a2200145Ia 4500
008
191201s2004 xx 000 0 und d
082
_a
621.38
_b
KII
100
_a
KISSELL, Thomas E
245
0
_a
Industrial Electronics
250
_a
3rd
260
_a
N.Delhi
_b
PHI
_c
2004
300
_a
904
650
_a
B.Tech(ECE)
942
_2
ddc
_c
BK
999
_c
1124
_d
1124